Introducción a la evaluación social de proyectos : (Registro nro. 12556)

Detalles MARC
000 -LEADER
fixed length control field 01160nam a2200265Ia 4500
003 - CONTROL NUMBER IDENTIFIER
control field OSt
005 - DATE AND TIME OF LATEST TRANSACTION
control field 20210929105846.0
008 - FIXED-LENGTH DATA ELEMENTS--GENERAL INFORMATION
fixed length control field 210310s1982 ar gr 000 0 spa d
020 ## - INTERNATIONAL STANDARD BOOK NUMBER
International Standard Book Number 9500370174
040 ## - CATALOGING SOURCE
Original cataloging agency CO-JMCR
Transcribing agency CO-JMCR
041 0# - LANGUAGE CODE
Language code of text/sound track or separate title spa
082 04 - DEWEY DECIMAL CLASSIFICATION NUMBER
Classification number 338.09 /
Item number S188i
Edition number 23
100 1# - MAIN ENTRY--PERSONAL NAME
Personal name Samitier, Jorge A.,
Relator term autor
9 (RLIN) 40851
245 10 - TITLE STATEMENT
Title Introducción a la evaluación social de proyectos :
Remainder of title análisis costo- beneficio /
Statement of responsibility, etc. Jorge A. Samitier, Maria C.D. de Samitier
260 ## - PUBLICATION, DISTRIBUTION, ETC.
Place of publication, distribution, etc. Argentina :
Name of publisher, distributor, etc. Macchi,
Date of publication, distribution, etc. 1982.
300 ## - PHYSICAL DESCRIPTION
Extent 101 páginas :
Other physical details ilustraciones y gráficas en blanco y negro ;
Dimensions 23 cm.
490 0# - SERIES STATEMENT
Series statement Temas de economía
501 ## - WITH NOTE
With note Con: notas a pie de página.
504 ## - BIBLIOGRAPHY, ETC. NOTE
Bibliography, etc. note Bibliografía : páginas 103-104.
505 0# - FORMATTED CONTENTS NOTE
Formatted contents note La evaluación de proyectos por las empresas. -- La evaluación social de proyectos. -- Efectos de algunas medidas de política económica. -- Identificación de los costos y los beneficios.
650 14 - SUBJECT ADDED ENTRY--TOPICAL TERM
Topical term or geographic name entry element Proyectos de desarrollo económico
General subdivision Rentabilidad
9 (RLIN) 28561
650 24 - SUBJECT ADDED ENTRY--TOPICAL TERM
Topical term or geographic name entry element Proyectos de desarrollo económico -
General subdivision Aspectos sociales
9 (RLIN) 40852
700 ## - ADDED ENTRY--PERSONAL NAME
Personal name Maria C.D. de Samitier
9 (RLIN) 40853
942 ## - ADDED ENTRY ELEMENTS (KOHA)
Source of classification or shelving scheme Dewey Decimal Classification
Koha item type Books
Existencias
Withdrawn status Lost status Source of classification or shelving scheme Damaged status Not for loan Home library Current library Shelving location Date acquired Source of acquisition Full call number Barcode Date last seen Copy number Price effective from Koha item type
    Dewey Decimal Classification     Biblioteca Pública José María del Castillo y Rada Biblioteca Pública José María del Castillo y Rada General Stacks 04/15/2018 Donación 338.09 / S188i 201811733 05/16/2024 Ej.1 03/10/2021 Books